00820 a2200193 4500020001500000040001300015082001200028100001900040245008800059260005400147300003600201650003600237650003400273700001900307942002500326999001500351952012700366952013300493 a0534408516 aDLCbDLC00a621.3821 aAgrawal, D. P.10aIntroduction to wireless and mobile systems cDharma Prakesh Agrawal, Qing-An Zeng. aPacific Grove, CA :bThomson Brooks/Cole,cc2003. axviii, 438 p. :bill. ;c24 cm. 0aWireless communication systems. 0aMobile communication systems.1 aZeng, Qing-An. cBKk621.382 AGR2ddc c8289d8289 001040708NFICaCLbCLcGENd2004-04-26eVanguard Booksg671.50l0o621.382 AGRpSEECS004412r2012-11-14w2017-01-05yBK 001040708NFICaCLbCLcGENd2004-03-09eAllied Book Companyg1353.33l0o621.382 AGRpSEECS004229r2012-11-14w2017-01-05yBK